MARC details
| 000 -CABECERA |
| campo de control de longitud fija |
03141nam a2200421 i 4500 |
| 001 - NÚMERO DE CONTROL |
| campo de control |
000012784 |
| 003 - IDENTIFICADOR DEL NÚMERO DE CONTROL |
| campo de control |
DO-SdBNP |
| 005 - FECHA Y HORA DE LA ÚLTIMA TRANSACCIÓN |
| campo de control |
20240403092253.0 |
| 007 - CAMPO FIJO DE DESCRIPCIÓN FÍSICA--INFORMACIÓN GENERAL |
| campo de control de longitud fija |
ta |
| 008 - DATOS DE LONGITUD FIJA--INFORMACIÓN GENERAL |
| campo de control de longitud fija |
150130s1996 dr ac 000 0 spa d |
| 040 ## - FUENTE DE LA CATALOGACIÓN |
| Centro catalogador/agencia de origen |
DO-SdBNP |
| Lengua de catalogación |
spa |
| Centro/agencia transcriptor |
BNPHU |
| Normas de descripción |
rda |
| 082 #4 - NÚMERO DE LA CLASIFICACIÓN DECIMAL DEWEY |
| Número de clasificación |
371.0712 |
| Número de documento/Ítem |
R788c |
| Número de edición |
22 |
| 100 1# - ENTRADA PRINCIPAL--NOMBRE DE PERSONA |
| Nombre de persona |
Rosa de Castillo, Mercy de la |
| 9 (RLIN) |
29576 |
| Término indicativo de función/relación |
autora |
| 245 10 - MENCIÓN DE TÍTULO |
| Título |
Caminando con Jesus: |
| Resto del título |
formación integral, humana y religiosa : educación básica, cuarto grado / |
| Mención de responsabilidad, etc. |
Mercy de la Rosa de Castillo, Casilda Barías de Jiménez, Freddy Antonio García A., Salvador Valerio Pérez ; ilustración, Julio César Martínez. |
| 264 #1 - PRODUCCIÓN, PUBLICACIÓN, DISTRIBUCIÓN, FABRICACIÓN Y COPYRIGHT |
| Producción, publicación, distribución, fabricación y copyright |
Santo Domingo : |
| Nombre del de productor, editor, distribuidor, fabricante |
Susaeta, |
| Fecha de producción, publicación, distribución, fabricación o copyright |
1996 |
| 300 ## - DESCRIPCIÓN FÍSICA |
| Extensión |
v. : |
| Otras características físicas |
Ilustraciones., retratos. ; |
| Dimensiones |
25 cm. |
| 336 ## - TIPO DE CONTENIDO |
| Fuente |
rdacontent |
| Término de tipo de contenido |
texto |
| Código de tipo de contenido |
txt |
| 337 ## - TIPO DE MEDIO |
| Fuente |
rdamedia |
| Nombre/término del tipo de medio |
sin mediación |
| Código del tipo de medio |
n |
| 338 ## - TIPO DE SOPORTE |
| Fuente |
rdacarrier |
| Nombre/término del tipo de soporte |
volumen |
| Código del tipo de soporte |
nc |
| 500 ## - NOTA GENERAL |
| Nota general |
Educación básica, 4to grado |
| 500 ## - NOTA GENERAL |
| Nota general |
La biblioteca posee: v.1, v.4, v.6, v.7 y v.8 |
| 505 0# - NOTA DE CONTENIDO CON FORMATO |
| Nota de contenido con formato |
v. 1 : |
| Información miscelánea |
unidad 1 -- |
| Título |
Dios es el creador de la naturaleza y de la vida -- |
| Información miscelánea |
unidad 2 -- |
| Título |
Dios muestra su amor en la naturaleza y en todo lo creado -- |
| Información miscelánea |
unidad 3 -- |
| Título |
Amo y cuido lo que Dios creó -- |
| Información miscelánea |
unidad 4 -- |
| Título |
Mi vida es un regalo de Dios -- |
| Información miscelánea |
unidad 5 -- |
| Título |
Recibo el amor de Dios padre, en las demás personas y en Jesús -- |
| Información miscelánea |
unidad 6 -- |
| Título |
Jesús me enseña a amar la vida -- |
| 505 0# - NOTA DE CONTENIDO CON FORMATO |
| Nota de contenido con formato |
v. 6 : |
| Información miscelánea |
Primer bloque de contenidos : |
| Título |
Quién fue Jesús de Nazaret ? |
| Información miscelánea |
Segundo bloque de contenidos : |
| Título |
Jesús , maestro y signo para nuesta vida hoy. |
| Información miscelánea |
Tercer bloque de contenido : |
| Título |
Jesús, amigo y compañero. |
| Información miscelánea |
Cuarto bloque de contenidos : |
| Título |
La misión de Jesús. |
| Información miscelánea |
Quinto bloque de contenido : |
| Título |
Sigo a Jesús. |
| Información miscelánea |
Sexto bloque de contenidos : |
| Título |
Los regalos de Jesús. |
| 505 0# - NOTA DE CONTENIDO CON FORMATO |
| Nota de contenido con formato |
v.4 |
| Información miscelánea |
Primer Bloque de Contenidos. |
| Título |
Mi compromiso en el cuidado de la vida.-- |
| Información miscelánea |
Segundo Bloque de Contenidos. |
| Título |
Servir me hacer feliz.-- |
| Información miscelánea |
Tercer Bloque de Contenidos. |
| Título |
Así vivimos los cristianos.-- |
| Información miscelánea |
Cuarto Bloque de Contenidos. |
| Título |
El poder de la unidad.-- |
| Información miscelánea |
Quinto Bloque de Contenidos. |
| Título |
Nuestro modelo es Jesús. |
| 505 0# - NOTA DE CONTENIDO CON FORMATO |
| Nota de contenido con formato |
v.8 : |
| Información miscelánea |
Primer bloque de contenido : |
| Título |
La familia educadora de los valores humanos, sociales y cristianos |
| Información miscelánea |
Segundo bloque de contenidos : |
| Título |
La convivencia, medio de crecimiento y realización |
| Información miscelánea |
Tercer bloque de contenidos : |
| Título |
La religión : elemento importante de la vida cultura |
| Información miscelánea |
Cuarto bloque de contenidos : |
| Título |
El mensaje de Jesucristo hoy |
| Información miscelánea |
Quinto bloque de contenidos : |
| Título |
Los cristianos de hoy, testigos comprometidos |
| 590 ## - NOTA LOCAL (RLIN) |
| Nota local |
Inventariado 2023 / MF |
| 650 #4 - PUNTO DE ACCESO ADICIONAL DE MATERIA--TÉRMINO DE MATERIA |
| Término de materia o nombre geográfico como elemento de entrada |
Educación religiosa |
| 9 (RLIN) |
76954 |
| Subdivisión geográfica |
República Dominicana |
| 650 #4 - PUNTO DE ACCESO ADICIONAL DE MATERIA--TÉRMINO DE MATERIA |
| Término de materia o nombre geográfico como elemento de entrada |
República Dominicana |
| Subdivisión geográfica |
República Dominicana |
| 9 (RLIN) |
9306 |
| 650 #4 - PUNTO DE ACCESO ADICIONAL DE MATERIA--TÉRMINO DE MATERIA |
| Término de materia o nombre geográfico como elemento de entrada |
Educación religiosa |
| Subdivisión general |
Enseñanza elemental |
| 9 (RLIN) |
76955 |
| 650 #4 - PUNTO DE ACCESO ADICIONAL DE MATERIA--TÉRMINO DE MATERIA |
| Término de materia o nombre geográfico como elemento de entrada |
Educación religiosa |
| Subdivisión general |
Libros texto |
| 9 (RLIN) |
76956 |
| 700 1# - PUNTO DE ACCESO ADICIONAL--NOMBRE DE PERSONA |
| Nombre de persona |
Rosa de Castillo, Mercy de la, |
| 9 (RLIN) |
29576 |
| Término indicativo de función/relación |
autora |
| 700 1# - PUNTO DE ACCESO ADICIONAL--NOMBRE DE PERSONA |
| Nombre de persona |
Barías de Jiménez, Casilda, |
| 9 (RLIN) |
29577 |
| Término indicativo de función/relación |
autora |
| 700 1# - PUNTO DE ACCESO ADICIONAL--NOMBRE DE PERSONA |
| Nombre de persona |
García A., Freddy Antonio, |
| 9 (RLIN) |
29578 |
| Término indicativo de función/relación |
autor |
| 700 1# - PUNTO DE ACCESO ADICIONAL--NOMBRE DE PERSONA |
| Nombre de persona |
Valerio Pérez, Salvador, |
| 9 (RLIN) |
29579 |
| Término indicativo de función/relación |
autor |
| 700 1# - PUNTO DE ACCESO ADICIONAL--NOMBRE DE PERSONA |
| Nombre de persona |
Martínez, Julio César, |
| Término indicativo de función/relación |
ilustraciones |
| 9 (RLIN) |
1263 |
| 910 ## - DATOS DE OPCIÓN DEL USUARIO (OCLC) |
| Datos de opción del usuario |
Validado. Control de calidad MFF |
| 942 ## - ELEMENTOS DE PUNTO DE ACCESO ADICIONAL (KOHA) |
| Fuente del sistema de clasificación o colocación |
Dewey Decimal Classification |
| Tipo de ítem Koha |
Libro |